Oratio anniversaria Harvæana : habita in Theatro Collegii Regalis Medicor. Londinensium die xviii Octob. A.D. 1731.

Bibliographic Details
Main Author: Broxolme, Noel, 1689?-1748
Format: eBook
Language:Latin
Published: Londini : Impensis Gulielmi Lewis, 1731.
Series:Eighteenth century collections online.
Online Access:Full text online

MARC

Tag First Indicator Second Indicator Subfields
LEADER 00000cam a2200000 4500
001 in00001867775
006 m | d |
007 cr |n||||||||n
008 810407s1731 enk|||| s 00||||lat d
005 20260407220943.4
035 |a (CStRLIN)ESTCT117482 
040 |a Uk-ES  |c Uk-ES  |d Cu-RivES  |d CStRLIN  |d Thomson Gale  |d UtOrBLW 
100 1 |a Broxolme, Noel,  |d 1689?-1748. 
245 1 0 |a Oratio anniversaria Harvæana :  |b habita in Theatro Collegii Regalis Medicor. Londinensium die xviii Octob. A.D. 1731. 
264 1 |a Londini :  |b Impensis Gulielmi Lewis,  |c 1731. 
300 |a 4 unnumbered pages, 12p. ;  |c 4⁰. 
336 |a text  |b txt  |2 rdacontent 
337 |a computer  |b c  |2 rdamedia 
338 |a online resource  |b cr  |2 rdacarrier 
500 |a The dedication signed: Noel Broxolme. 
500 |a Reproduction of original from the British Library. 
510 4 |a English Short Title Catalog,  |c ESTCT117482. 
533 |a Electronic reproduction.  |b Farmington Hills, Mich. :  |c Thomson Gale,  |d 2003.  |n Available via the World Wide Web.  |n Access limited by licensing agreements  |7 s2003 miunns 
500 |a Electronic resource. 
830 0 |a Eighteenth century collections online. 
856 4 0 |u http://proxy.library.tamu.edu/login?url=https://galenet.galegroup.com/servlet/ECCO?c=1&stp=Author&ste=11&af=BN&ae=T117482&tiPG=1&dd=0&dc=flc&docNum=CW108153502&vrsn=1.0&srchtp=a&d4=0.33&n=10&SU=0LRM&locID=txshracd2898  |z Full text online  |t 0 
999 |a MARS 
999 f f |s 5080822c-99d2-3d85-9771-bb967e3cb82a  |i 622843d5-c622-3947-a6a4-643936e25afb  |t 0 
952 f f |a Texas A&M University  |b College Station  |c Electronic Resources  |s www_evans  |d Available Online  |t 0  |h No information provided 
998 f f |t 0  |l Available Online